| 000 | 01220 a2200217 4500 | ||
|---|---|---|---|
| 003 | Nust | ||
| 005 | 20221122131548.0 | ||
| 010 | _a 91000711 | ||
| 020 | _a0070356858 | ||
| 040 | _cNust | ||
| 082 | 0 | 0 | _a519,KUR |
| 100 | 1 |
_aKurtz, Max, _9103349 |
|
| 245 | 1 | 0 |
_aHandbook of applied mathematics for engineers and scientists / _cMax Kurtz. |
| 260 |
_aNew York : _bMcGraw-Hill, _cc1991. |
||
| 300 |
_a1 v. (various pagings) : _bill. ; _c24 cm. |
||
| 505 | _a1.Algebra (Page-1.1), 2. Plane and spherical trignometry (Page-2.1), 3. Plane and solid analytic geometry (Page-3.1), 4. Permutations and combinations (Page-4.1), 5. Matrix algebra (Page-5.1), 6. Boolean algebra (Page-6.1), 7. Transformation of space in computer graphics (Page-7.1), 8. Basic statistics (Page-8.1), 9. Probability (Page-9.1), 10. Statistical interference and regression analysis (Page-10.1), 11. Introduction to cybernetics (Page-11.1), 12. Calculus (Page-12.1). | ||
| 650 | 0 |
_aEngineering mathematics _xHandbooks, manuals, etc. _93086 |
|
| 856 | 4 | 2 |
_3Publisher description _uhttp://www.loc.gov/catdir/description/mh022/91000711.html |
| 856 | 4 | 2 |
_3Table of contents _uhttp://www.loc.gov/catdir/toc/mh021/91000711.html |
| 942 |
_2ddc _cBK _k519,KUR |
||
| 999 |
_c181108 _d181108 |
||